Las mujeres: pasado y presente /
Guardado en:
| Autor Principal: | |
|---|---|
| Formato: | Libro |
| Publicado: |
Buenos Aires :
policial
|
| Series: | Colección Diversus; No.320
|
| Materias: | |
| Etiquetas: |
Agregar Etiqueta
Sin Etiquetas, Sea el primero en etiquetar este registro!
|
| LEADER | 00716nam a22002175a 4500 | ||
|---|---|---|---|
| 001 | CEM.cems011610 | ||
| 005 | 20071022113658.0 | ||
| 008 | 130507b######################000#0#####d | ||
| 003 | CEMS | ||
| 020 | |a 9509071536 | ||
| 082 | 0 | 4 | |a 396.09 |
| 100 | 1 | |a Enríquez, Tomás | |
| 245 | 1 | 0 | |a Las mujeres: pasado y presente / |c Tomás Enríquez |
| 260 | |a Buenos Aires : |b policial | ||
| 300 | |a 96 p. | ||
| 490 | 0 | |a Colección Diversus; No.320 | |
| 505 | 0 | |a La prehistoria -- Grecia -- Roma -- La Edad Media -- El Renacimiento -- El siglo XVIII -- El siglo XIX -- El siglo XX -- | |
| 653 | |a Mujeres | ||
| 653 | |a Matriarcado | ||
| 653 | |a Feminismo | ||
| 859 | |a CEMS |b BIB. CEMS - 11 de abril |h 396.09 |i EN72 |p 22556.04 |t Ej.1 | ||
